[Event "18th Asia-ch (w)"]
[Site "Sharjah UAE"]
[Date "2014.04.20"]
[Round "4.13"]
[White "Shyngys Kyzy, Aijarkyn"]
[Black "Fuad Kamel Jamaliah, Natalie"]
[Result "1/2-1/2"]
[WhiteElo "1768"]
[BlackElo "2015"]
[EventDate "2014.04.17"]
[PlyCount "105"]

1.e4 c5 2.Nf3 d6 3.Bb5+ Bd7 4.Bxd7+ Qxd7 5.O-O Nc6 6.c3 g6 7.d4 cxd4 8.
cxd4 Bg7 9.Nc3 Nf6 10.h3 Rd8 11.Bg5 h6 12.Be3 a6 13.a3 O-O 14.Rc1 b5 15.b4
Qb7 16.Qd3 Nd7 17.Nd5 Rfe8 18.Rc2 e6 19.Nf4 Rc8 20.Rfc1 Ne7 21.Nd2 Rxc2 
22.Rxc2 Rc8 23.Nb3 Rxc2 24.Qxc2 Qc8 25.Qxc8+ Nxc8 26.d5 e5 27.Ne2 f5 28.f3
Kf7 29.Kf1 f4 30.Bf2 Bf6 31.Nc3 Bd8 32.Ke2 Ndb6 33.Na5 Bc7 34.Kd3 Ke7 35.
g3 g5 36.g4 Kd7 37.Kc2 Ne7 38.Kb3 Nec8 39.h4 Ne7 40.h5 Nec8 41.Bg1 Bd8 42.
Bf2 Bc7 43.Ne2 Na4 44.Nc3 Nxc3 45.Kxc3 Bxa5 46.bxa5 Ne7 47.Kb4 Ng8 48.a4 
bxa4 49.Kxa4 Nf6 50.Kb4 Ne8 51.Bb6 Nf6 52.Kc4 Ne8 53.Kb4 1/2-1/2

[Event "18th Asia-ch (w)"]
[Site "Sharjah UAE"]
[Date "2014.04.20"]
[Round "4.14"]
[White "Gu Tianlu"]
[Black "Bayar Anu"]
[Result "1-0"]
[WhiteElo "2162"]
[BlackElo "2002"]
[EventDate "2014.04.17"]
[PlyCount "85"]

1.e4 c5 2.Nf3 g6 3.d4 cxd4 4.Nxd4 Nc6 5.c4 Bg7 6.Be3 Nf6 7.Nc3 Ng4 8.Qxg4 
Nxd4 9.Qd1 Nc6 10.Be2 O-O 11.O-O d6 12.Qd2 b6 13.Rab1 Ne5 14.h3 Bb7 15.
Rfd1 Rc8 16.b3 Nd7 17.Bd4 Nf6 18.Qe3 Qe8 19.e5 Nd7 20.f4 dxe5 21.fxe5 Nc5 
22.Nd5 Ne6 23.Bb2 f5 24.exf6 exf6 25.Bf3 Qf7 26.Bxf6 Bxf6 27.Nxf6+ Qxf6 
28.Bxb7 Rce8 29.Rf1 Nf4 30.Qf3 Qd4+ 31.Kh1 Re3 32.Qg4 h5 33.Qg5 Rf5 34.Qh6
Qg7 35.Qxg7+ Kxg7 36.Rbe1 Ne2 37.Kh2 Rfe5 38.Rf3 Re7 39.Rxe3 Rxe3 40.Bf3 
Rxf3 41.gxf3 Nc3 42.Re7+ Kf6 43.Rxa7 1-0

[Event "18th Asia-ch (w)"]
[Site "Sharjah UAE"]
[Date "2014.04.20"]
[Round "4.15"]
[White "Assaubaeva, Bibissara"]
[Black "Dahdal, Lougain"]
[Result "1/2-1/2"]
[WhiteElo "1891"]
[BlackElo "2003"]
[EventDate "2014.04.17"]
[PlyCount "147"]

1.e4 d6 2.d4 g6 3.Nc3 Bg7 4.f4 Nf6 5.Nf3 O-O 6.Be3 a6 7.a4 b6 8.Bd3 Bb7 9.
h3 Nc6 10.O-O Nb4 11.e5 Nfd5 12.Nxd5 Bxd5 13.Be2 Be4 14.Ne1 c5 15.exd6 
exd6 16.Bf3 Qe7 17.Qd2 Nc6 18.c3 Na5 19.Qf2 Rae8 20.Bxe4 Qxe4 21.Nc2 Nc4 
22.Rae1 Nxe3 23.Rxe3 Qc6 24.b3 Rxe3 25.Qxe3 Re8 26.Qf3 Qxf3 27.Rxf3 cxd4 
28.Nxd4 Bxd4+ 29.cxd4 Re4 30.d5 b5 31.Rc3 bxa4 32.bxa4 Rxf4 33.Rc6 Rxa4 
34.Rxd6 Kf8 35.Rd7 Rb4 36.d6 Rd4 37.Rd8+ Kg7 38.d7 a5 39.Ra8 Rxd7 40.Rxa5 
h5 41.Kf2 Rd4 42.Ke3 Rb4 43.Kf3 Rb1 44.Rc5 Rf1+ 45.Kg3 Kh6 46.h4 Ra1 47.
Rc4 Ra3+ 48.Kf2 Kg7 49.g3 Ra5 50.Kg2 Kf6 51.Rf4+ Rf5 52.Re4 Re5 53.Rf4+ 
Ke6 54.Ra4 Kd5 55.Ra5+ Ke6 56.Ra4 Rf5 57.Ra6+ Ke5 58.Ra5+ Kf6 59.Ra6+ Kg7 
60.Ra4 Rb5 61.Rc4 Rb3 62.Rf4 f6 63.Ra4 Rb7 64.Kf2 g5 65.hxg5 fxg5 66.Ra5 
Rf7+ 67.Kg2 Kg6 68.Ra6+ Rf6 69.Ra8 g4 70.Rg8+ Kf5 71.Rh8 Kg5 72.Rg8+ Rg6 
73.Ra8 Rh6 74.Ra5+ 1/2-1/2

[Event "18th Asia-ch (w)"]
[Site "Sharjah UAE"]
[Date "2014.04.21"]
[Round "5.1"]
[White "Ni Shiqun"]
[Black "Kharisma Sukandar, Irine"]
[Result "0-1"]
[WhiteElo "2325"]
[BlackElo "2319"]
[EventDate "2014.04.17"]
[PlyCount "146"]

1.e4 e5 2.Nf3 Nc6 3.Bc4 Bc5 4.c3 Nf6 5.d3 O-O 6.O-O d5 7.exd5 Nxd5 8.Re1 
Bg4 9.Nbd2 Nb6 10.Bb5 f6 11.h3 Bh5 12.Ne4 Be7 13.Bxc6 bxc6 14.Ng3 Bg6 15.
d4 Bd6 16.dxe5 fxe5 17.Ng5 Qf6 18.N5e4 Qf7 19.Qe2 Kh8 20.Be3 Nd5 21.Qc4 
Qd7 22.Rad1 Nf4 23.Bc5 Bf7 24.Qf1 Bd5 25.c4 Bxc5 26.Nxc5 Qe7 27.cxd5 Qxc5 
28.dxc6 Rae8 29.Rc1 Qd5 30.b3 e4 31.Qc4 e3 32.f3 Qg5 33.Kh2 Rf6 34.Rg1 Rg6
35.Ne2 Nxe2 36.Qxe2 Qg3+ 37.Kh1 Rd6 38.Rgd1 h6 39.Kg1 Rg6 40.Rd3 Qxh3 41.
Rcc3 Re5 42.Rxe3 Reg5 43.Rc2 Kh7 44.Re8 Rxg2+ 45.Qxg2 Rxg2+ 46.Rxg2 Qxf3 
47.Re6 Qd1+ 48.Kh2 Qh5+ 49.Kg1 Qd5 50.Rge2 h5 51.Kh2 g6 52.b4 Kh6 53.a4 
Qb3 54.b5 Qxa4 55.R6e5 Qf4+ 56.Kg1 h4 57.R5e4 Qc1+ 58.Kh2 g5 59.Re5 Qf4+ 
60.Kg2 Qg3+ 61.Kh1 Qf3+ 62.Kh2 Kh5 63.R5e4 Qg3+ 64.Kh1 Qd3 65.Re5 h3 66.
Kh2 Kh4 67.R5e3 Qd6+ 68.Kg1 g4 69.Kh1 Qd5+ 70.Kg1 Qxb5 71.Re6 Qc5+ 72.Kh1 
Qd5+ 73.Kg1 a5 0-1

[Event "18th Asia-ch (w)"]
[Site "Sharjah UAE"]
[Date "2014.04.21"]
[Round "5.2"]
[White "Hoang Thi Bao Tram"]
[Black "Gong Qianyun"]
[Result "1/2-1/2"]
[WhiteElo "2280"]
[BlackElo "2327"]
[EventDate "2014.04.17"]
[PlyCount "46"]

1.Nf3 Nf6 2.g3 b6 3.Bg2 Bb7 4.c4 e6 5.O-O Be7 6.b3 O-O 7.Bb2 c5 8.e3 d6 9.
Nc3 Nbd7 10.d4 Ne4 11.Qc2 Nxc3 12.Bxc3 Nf6 13.Rad1 Be4 14.Qe2 Qc7 15.Ba1 
Rfd8 16.d5 exd5 17.cxd5 Qd7 18.Rd2 b5 19.Rfd1 h6 20.Bxf6 Bxf6 21.Ne5 Bxe5 
22.Bxe4 b4 23.Rc1 a5 1/2-1/2

[Event "18th Asia-ch (w)"]
[Site "Sharjah UAE"]
[Date "2014.04.21"]
[Round "5.3"]
[White "Nguyen Thi Thanh An"]
[Black "Khademalsharieh, Sarasadat"]
[Result "0-1"]
[WhiteElo "2237"]
[BlackElo "2292"]
[EventDate "2014.04.17"]
[PlyCount "116"]

1.d4 Nf6 2.c4 e6 3.Nf3 b6 4.a3 c5 5.e3 g6 6.Nc3 Bg7 7.Be2 O-O 8.O-O Bb7 9.
Rb1 cxd4 10.Nxd4 Ne4 11.Nxe4 Bxe4 12.Ra1 Nc6 13.Nb5 Ne7 14.a4 a6 15.Nd4 
Nc6 16.Ra3 Qf6 17.Nxc6 Bxc6 18.Rd3 d5 19.Bf3 dxc4 20.Bxc6 cxd3 21.Bxa8 
Rxa8 22.Qxd3 Qd8 23.Qb3 b5 24.Rd1 Qa5 25.axb5 Qxb5 26.Qc2 Rb8 27.Rd2 h5 
28.g3 Qb7 29.Qd1 Bf6 30.h4 Qc6 31.Rc2 Qe4 32.Qe2 Rb5 33.Kh2 Rf5 34.Kg1 Rb5
35.Kh2 Rb4 36.Rc8+ Kg7 37.Qxa6 Qf3 38.Qd6 Qxf2+ 39.Kh1 Qe1+ 40.Kg2 Qe2+ 
41.Kg1 Qe1+ 42.Kg2 Bxh4 43.Qf8+ Kf6 44.Qd8+ Kf5 45.Qd3+ Ke5 46.e4 Rxe4 47.
Bf4+ Kf5 48.gxh4 Kxf4 49.Rc2 Ke5 50.Qb5+ Kf6 51.Rf2+ Kg7 52.Rxf7+ Kxf7 53.
Qd7+ Kf6 54.Qd8+ Ke5 55.Qc7+ Kd4 56.Qd6+ Ke3 57.Qc5+ Ke2 58.Qb5+ Kd1 0-1

[Event "18th Asia-ch (w)"]
[Site "Sharjah UAE"]
[Date "2014.04.21"]
[Round "5.4"]
[White "Mongontuul, Batchujagijn"]
[Black "Soumya, Swaminathan"]
[Result "1-0"]
[WhiteElo "2432"]
[BlackElo "2336"]
[EventDate "2014.04.17"]
[PlyCount "69"]

1.e4 c5 2.Nf3 d6 3.d4 cxd4 4.Nxd4 Nf6 5.Nc3 Nc6 6.Be2 g6 7.Be3 Bg7 8.O-O 
O-O 9.Nb3 Be6 10.f4 Qc8 11.Kh1 Rd8 12.Nd4 Nxd4 13.Bxd4 Bc4 14.Bd3 d5 15.e5
Ne4 16.Ne2 b6 17.b3 Ba6 18.f5 Bb7 19.Qe1 gxf5 20.Qh4 Qe6 21.Nf4 Qh6 22.Nh5
Qg5 23.Qxg5 Nxg5 24.Nxg7 Kxg7 25.Rxf5 h6 26.Raf1 Rf8 27.R5f4 Rad8 28.Bb2 
Bc8 29.Ba3 Rd7 30.h4 Ne4 31.e6 Rc7 32.Bxe4 dxe4 33.Rxf7+ Rxf7 34.exf7 Kf8 
35.Bb2 1-0

[Event "18th Asia-ch (w)"]
[Site "Sharjah UAE"]
[Date "2014.04.21"]
[Round "5.5"]
[White "Abdumalik, Zhansaya"]
[Black "Tania, Sachdev"]
[Result "0-1"]
[WhiteElo "2379"]
[BlackElo "2427"]
[EventDate "2014.04.17"]
[PlyCount "112"]

1.e4 e5 2.Nf3 Nc6 3.Bb5 a6 4.Ba4 Nf6 5.O-O Be7 6.Re1 b5 7.Bb3 O-O 8.h3 Bb7
9.d3 d5 10.exd5 Nxd5 11.Nxe5 Nxe5 12.Rxe5 Qd6 13.Re1 c5 14.Nd2 Rae8 15.Ne4
Qc6 16.a4 Nb6 17.axb5 axb5 18.Qf3 c4 19.Ba2 f5 20.Ng5 Bf6 21.Bd2 Rxe1+ 22.
Rxe1 Qxf3 23.Nxf3 Ra8 24.Bb1 Bxb2 25.dxc4 bxc4 26.c3 Bxf3 27.gxf3 g6 28.
Kg2 Ra1 29.Re6 Nd5 30.Rd6 Nxc3 31.Bxc3 Bxc3 32.Bc2 Ra2 33.Bd1 Be5 34.Rd5 
Bf6 35.Kg3 Kf7 36.Rc5 Rd2 37.Ba4 c3 38.Rc7+ Ke6 39.Rc6+ Ke7 40.Rc7+ Ke6 
41.Rc6+ Ke7 42.Rc7+ Kd8 43.Rc4 Bd4 44.Kf4 Ke7 45.Bb3 Kd6 46.Kg5 Bg7 47.Rh4
Rxf2 48.Rxh7 Rg2+ 49.Kf4 Be5+ 50.Ke3 f4+ 51.Kd3 Rd2+ 52.Kc4 c2 53.Bxc2 
Rxc2+ 54.Kd3 Rf2 55.Rh6 Rxf3+ 56.Ke2 Rg3 0-1

[Event "18th Asia-ch (w)"]
[Site "Sharjah UAE"]
[Date "2014.04.21"]
[Round "5.6"]
[White "Pourkashiyan, Atousa"]
[Black "Nguyen Thi Mai Hung"]
[Result "1-0"]
[WhiteElo "2335"]
[BlackElo "2312"]
[EventDate "2014.04.17"]
[PlyCount "131"]

1.e4 e6 2.d4 d5 3.Nd2 c5 4.exd5 exd5 5.Bb5+ Bd7 6.Bxd7+ Nxd7 7.dxc5 Nxc5 
8.Ngf3 Nf6 9.O-O Be7 10.Nd4 O-O 11.Nf5 Re8 12.Nxe7+ Qxe7 13.Nf3 Nce4 14.
Nd4 Rac8 15.c3 a6 16.Bf4 Qd7 17.Qf3 b5 18.Rad1 Rcd8 19.h3 h6 20.Rfe1 Qc8 
21.Bc1 Kh7 22.Nf5 Qc6 23.Qf4 Ng5 24.h4 Re4 25.Rxe4 Ngxe4 26.f3 Nc5 27.Qg3 
Ne6 28.Qe5 Qc7 29.Qxc7 Nxc7 30.g4 Ne6 31.Kf2 h5 32.g5 Ne8 33.Be3 g6 34.Ne7
N8c7 35.Nc6 Rd6 36.Nd4 Kg8 37.f4 Ng7 38.f5 gxf5 39.Bf4 Rd7 40.Bxc7 Rxc7 
41.a3 Re7 42.Nf3 Rd7 43.Nd4 Kh7 44.Re1 Kg6 45.Kf3 f6 46.Nc6 Rd6 47.Ne7+ 
Kf7 48.g6+ Kf8 49.b3 Rd7 50.Nc6 Rc7 51.Nd4 Rxc3+ 52.Kf4 Rd3 53.Nc6 Rh3 54.
Re7 Kg8 55.Rf7 Ne6+ 56.Kxf5 Ng7+ 57.Kxf6 Rf3+ 58.Ke7 Rf5 59.Rxf5 Nxf5+ 60.
Kf6 Ng7 61.Ne7+ Kf8 62.Nxd5 Ne8+ 63.Kg5 a5 64.Kxh5 Kg7 65.Kg5 Nd6 66.Nf6 
1-0

[Event "18th Asia-ch (w)"]
[Site "Sharjah UAE"]
[Date "2014.04.21"]
[Round "5.7"]
[White "Hoang Thi Nhu Y"]
[Black "Tan Zhongyi"]
[Result "1/2-1/2"]
[WhiteElo "2207"]
[BlackElo "2488"]
[EventDate "2014.04.17"]
[PlyCount "84"]

1.d4 Nf6 2.c4 e6 3.Nc3 Bb4 4.Qc2 d5 5.cxd5 Qxd5 6.Nf3 Qf5 7.Qxf5 exf5 8.
Bd2 c6 9.e3 O-O 10.Be2 Re8 11.g3 Bd6 12.O-O Ne4 13.Rfd1 Be6 14.Bd3 Nxd2 
15.Nxd2 Nd7 16.Bc4 Nb6 17.Bxe6 fxe6 18.Rab1 a5 19.b3 Bb4 20.Ne2 Nd5 21.Nc4
Red8 22.Rdc1 g5 23.a4 Kg7 24.Ne5 Bd6 25.Nd3 Rd7 26.Kg2 h5 27.h4 gxh4 28.
gxh4 Kh6 29.Ng1 Rg8+ 30.Kf1 Nf6 31.Nf3 Ne4 32.Rc2 Rdg7 33.Ra1 Rg4 34.Rd1 
Rf8 35.Re1 Be7 36.Nde5 Rg7 37.Nd3 Bd6 38.Rc4 Re7 39.Re2 Nf6 40.Ng5 Ng4 41.
f4 Rd8 42.Kg2 Kg6 1/2-1/2

[Event "18th Asia-ch (w)"]
[Site "Sharjah UAE"]
[Date "2014.04.21"]
[Round "5.8"]
[White "Karavade, Eesha"]
[Black "Saleh, Nora Mohd"]
[Result "1-0"]
[WhiteElo "2414"]
[BlackElo "1901"]
[EventDate "2014.04.17"]
[PlyCount "56"]

1.Nf3 d5 2.g3 Nf6 3.Bg2 c6 4.c4 dxc4 5.Qc2 h6 6.Qxc4 Bf5 7.Nc3 Nbd7 8.O-O 
e6 9.Re1 Be7 10.e4 Bh7 11.d4 O-O 12.a3 c5 13.e5 Nb6 14.Qe2 Nfd5 15.Ne4 
cxd4 16.Nxd4 a6 17.Bd2 Nd7 18.Nc3 N7b6 19.Rad1 Nxc3 20.Bxc3 Qc8 21.Rc1 Qd7
22.Red1 Nd5 23.Nb3 Qa4 24.Bxd5 exd5 25.Nd4 Rae8 26.Nc2 Bxc2 27.Qxc2 Qc6 
28.Qb3 Bd8 1-0

[Event "18th Asia-ch (w)"]
[Site "Sharjah UAE"]
[Date "2014.04.21"]
[Round "5.9"]
[White "Swathi, Ghate"]
[Black "Pham Le Thao Nguyen"]
[Result "0-1"]
[WhiteElo "2269"]
[BlackElo "2332"]
[EventDate "2014.04.17"]
[PlyCount "136"]

1.e4 e6 2.d4 d5 3.Nc3 Nf6 4.e5 Nfd7 5.f4 c5 6.Nf3 Nc6 7.Be3 Be7 8.Qd2 O-O 
9.Be2 b6 10.O-O Bb7 11.Nd1 cxd4 12.Nxd4 Nc5 13.Nf2 f5 14.exf6 Bxf6 15.Rad1
Qc7 16.Nb5 Qe7 17.Ng4 Bh4 18.Nd4 Ne4 19.Qd3 Na5 20.Bc1 Bf6 21.Qh3 Bxd4+ 
22.Rxd4 Nc6 23.Rdd1 Nb4 24.c3 Ba6 25.Bxa6 Nxa6 26.Be3 Nd6 27.Bd4 Nf5 28.
Ne3 Nc5 29.Nxf5 Rxf5 30.Qe3 Raf8 31.Rde1 Ne4 32.c4 Qb7 33.Be5 R5f7 34.cxd5
exd5 35.Rd1 Nf6 36.Qf3 Rd7 37.Rd4 Qc6 38.Rfd1 h6 39.h3 Qe6 40.Qb3 Kh8 41.
Qd3 Rfd8 42.Qg6 Qe8 43.Qf5 Nh7 44.Rc1 Qf7 45.Qd3 Nf8 46.Rc6 Ne6 47.Qc2 Kg8
48.Rd3 d4 49.b4 Nxf4 50.Bxf4 Qxf4 51.b5 Re7 52.Qc4+ Kh8 53.Re6 Rc7 54.Rc6 
Re7 55.Re6 Rxe6 56.Qxe6 Kh7 57.Rf3 Qd6 58.Qe4+ Qg6 59.Qe7 Re8 60.Qh4 Re2 
61.Rg3 Qb1+ 62.Kh2 Re1 63.Rf3 Rh1+ 64.Kg3 Qe1+ 65.Kg4 Qe2 66.Qf2 Re1 67.h4
Qe6+ 68.Kg3 Qe5+ 0-1

[Event "18th Asia-ch (w)"]
[Site "Sharjah UAE"]
[Date "2014.04.21"]
[Round "5.10"]
[White "Gomes, Mary Ann"]
[Black "Derakhshani, Dorsa"]
[Result "1/2-1/2"]
[WhiteElo "2386"]
[BlackElo "2154"]
[EventDate "2014.04.17"]
[PlyCount "69"]

1.Nf3 d5 2.g3 c6 3.Bg2 Nf6 4.d3 Bg4 5.Nbd2 Nbd7 6.O-O e5 7.e4 dxe4 8.dxe4 
Bc5 9.Qe2 O-O 10.Nc4 Qc7 11.Ne3 Bxf3 12.Bxf3 Rfe8 13.c3 a5 14.Nf5 Nf8 15.
Be3 Ne6 16.Bxc5 Nxc5 17.Qc4 b6 18.Rfd1 g6 19.Ne3 Red8 20.Bg2 a4 21.b4 axb3
22.axb3 Rxa1 23.Rxa1 Qd6 24.b4 Ne6 25.b5 cxb5 26.Qxb5 Qc5 27.Qb4 Rd2 28.
Rb1 Kg7 29.Qxc5 Nxc5 30.Nc4 Rc2 31.f3 Nfd7 32.Nxb6 Nxb6 33.Rxb6 Rxc3 34.
Rb1 Ne6 35.Rb2 1/2-1/2

[Event "18th Asia-ch (w)"]
[Site "Sharjah UAE"]
[Date "2014.04.21"]
[Round "5.11"]
[White "Khan, Nazrana"]
[Black "Gu Tianlu"]
[Result "1/2-1/2"]
[WhiteElo "2027"]
[BlackElo "2162"]
[EventDate "2014.04.17"]
[PlyCount "94"]

1.d4 d5 2.c4 c6 3.Nc3 Nf6 4.Nf3 a6 5.a4 a5 6.g3 e6 7.Bg2 Be7 8.O-O O-O 9.
Ne5 Nfd7 10.Nxd7 Nxd7 11.cxd5 exd5 12.Qc2 Nf6 13.Rd1 g6 14.Bg5 Bf5 15.Qd2 
Re8 16.e3 Nd7 17.Bxe7 Qxe7 18.Ne2 Qb4 19.Nf4 Nb6 20.Qxb4 axb4 21.b3 Bc2 
22.Rdc1 Bxb3 23.Rab1 Bxa4 24.Rxb4 Bb5 25.Nxd5 Nxd5 26.Bxd5 Re7 27.Bg2 Ra4 
28.Rxa4 Bxa4 29.h4 Bb3 30.Kf1 Kf8 31.Ke1 Rd7 32.Rc5 Ke7 33.Rc3 Bd5 34.Bxd5
Rxd5 35.Kd2 Ra5 36.Rc2 Kd6 37.Rb2 b5 38.Kc3 Ra3+ 39.Kb4 Ra1 40.Kb3 Kd5 41.
Rc2 Rb1+ 42.Ka2 Rb4 43.Rc5+ Kd6 44.h5 Ra4+ 45.Kb2 Rb4+ 46.Ka2 Ra4+ 47.Kb2 
Rb4+ 1/2-1/2

[Event "18th Asia-ch (w)"]
[Site "Sharjah UAE"]
[Date "2014.04.21"]
[Round "5.12"]
[White "Tokhiryanova, Khulkar"]
[Black "Shyngys Kyzy, Aijarkyn"]
[Result "1-0"]
[WhiteElo "2126"]
[BlackElo "1768"]
[EventDate "2014.04.17"]
[PlyCount "83"]

1.e4 e5 2.Bc4 Nf6 3.d3 d5 4.exd5 Nxd5 5.Nf3 Nc6 6.h3 Bc5 7.O-O O-O 8.c3 
Nb6 9.Bb3 Bf5 10.Bc2 a5 11.Qe2 Re8 12.Nbd2 Nd5 13.Ne4 Bb6 14.Be3 Qd7 15.
Kh2 Rad8 16.Rad1 h6 17.Bb3 Nf4 18.Bxf4 exf4 19.Qd2 Bxe4 20.dxe4 Qxd2 21.
Nxd2 Ne5 22.f3 Nd3 23.Nc4 Be3 24.Nxa5 Nxb2 25.Rxd8 Rxd8 26.Nxb7 Rb8 27.Na5
Rb5 28.Nc6 Rb6 29.Ne5 Kh7 30.Bxf7 Rb5 31.Bd5 Na4 32.Bc6 Rxe5 33.Bxa4 Rc5 
34.Rd1 Rxc3 35.e5 Rc5 36.e6 Re5 37.Bc2+ g6 38.Rd7+ Kg8 39.Bxg6 Bf2 40.h4 
h5 41.e7 Bg3+ 42.Kh3 1-0

[Event "18th Asia-ch (w)"]
[Site "Sharjah UAE"]
[Date "2014.04.21"]
[Round "5.13"]
[White "Fuad Kamel Jamaliah, Natalie"]
[Black "Al-Najjar, Huda"]
[Result "1-0"]
[WhiteElo "2015"]
[BlackElo "1845"]
[EventDate "2014.04.17"]
[PlyCount "84"]

1.e4 e5 2.Nf3 Nc6 3.Bb5 Bc5 4.O-O Qf6 5.c3 Nge7 6.d3 h6 7.Be3 Bb6 8.d4 O-O
9.d5 Nd8 10.c4 d6 11.Nbd2 c6 12.Ba4 Ng6 13.b4 Nf4 14.c5 Bc7 15.Bxf4 Qxf4 
16.Bb3 cxd5 17.Bxd5 dxc5 18.bxc5 Bg4 19.Qb3 Rb8 20.Qa3 a6 21.Rab1 Qf6 22.
Rfc1 Nc6 23.Qd3 Rfd8 24.Qc4 Na5 25.Qa4 Bd7 26.Qc2 Bc6 27.Bxc6 Nxc6 28.Rd1 
Qf4 29.Nf1 g5 30.Ng3 Nd4 31.Rxd4 exd4 32.Nh5 d3 33.Qd1 d2 34.Nxf4 Bxf4 35.
g3 Bc7 36.Rb2 Rd3 37.Rxd2 Rc3 38.Rc2 Ra3 39.Kg2 Rd8 40.Rd2 Re8 41.Rd7 Rc8 
42.Qd5 Kg7 1-0

[Event "18th Asia-ch (w)"]
[Site "Sharjah UAE"]
[Date "2014.04.21"]
[Round "5.14"]
[White "Xu Huahua"]
[Black "Assaubaeva, Bibissara"]
[Result "0-1"]
[WhiteElo "2110"]
[BlackElo "1891"]
[EventDate "2014.04.17"]
[PlyCount "105"]

1.e4 e5 2.Nf3 Nc6 3.d4 exd4 4.Nxd4 Nf6 5.Nc3 Bb4 6.Nxc6 bxc6 7.Bd3 O-O 8.
O-O d5 9.exd5 cxd5 10.h3 c6 11.Qf3 Bd6 12.Re1 Rb8 13.b3 Bb4 14.Bd2 Be6 15.
a3 Bd6 16.Bf4 Re8 17.Ne2 c5 18.Rad1 Bxf4 19.Nxf4 Qa5 20.Qg3 Bd7 21.Rxe8+ 
Rxe8 22.a4 h6 23.Kh2 Bc6 24.Ne2 d4 25.Qd6 Be4 26.Ng3 Bxd3 27.Rxd3 Qb6 28.
Qf4 Nd5 29.Qf5 Qe6 30.Rf3 g6 31.Qd3 h5 32.Qc4 Qd6 33.Kg1 Re1+ 34.Nf1 Nf4 
35.g4 hxg4 36.hxg4 g5 37.b4 Qc6 38.Rxf4 gxf4 39.Qxc5 Qxc5 40.bxc5 Rc1 41.
c6 Rxc2 42.Kg2 Rxc6 43.Nd2 Rc2 44.Ne4 d3 45.Kf3 Re2 46.Nc5 Rd2 47.a5 Rd1 
48.Kxf4 d2 49.Nb3 Rf1 50.Nxd2 Rxf2+ 51.Ke3 Rg2 52.Ne4 Ra2 53.Kd4 0-1

[Event "18th Asia-ch (w)"]
[Site "Sharjah UAE"]
[Date "2014.04.21"]
[Round "5.15"]
[White "Dahdal, Lougain"]
[Black "Bayar Anu"]
[Result "0-1"]
[WhiteElo "2003"]
[BlackElo "2002"]
[EventDate "2014.04.17"]
[PlyCount "90"]

1.d4 Nf6 2.c4 c5 3.d5 e6 4.Nc3 exd5 5.cxd5 d6 6.e4 g6 7.Bd3 Bg7 8.h3 O-O 
9.Nge2 a6 10.a4 Nbd7 11.O-O Rb8 12.a5 Qc7 13.Ng3 c4 14.Bc2 b5 15.axb6 Nxb6
16.Rb1 Nfd7 17.f4 Nc5 18.f5 Nbd7 19.Bg5 h6 20.Bh4 Ne5 21.fxg6 fxg6 22.
Rxf8+ Bxf8 23.Nge2 Ncd3 24.b3 Bd7 25.bxc4 Rxb1 26.Bxb1 Qxc4 27.Bg3 a5 28.
Bxe5 Nxe5 29.Qd4 Bg7 30.Qxc4 Nxc4 31.Bc2 Nb2 32.Bb3 a4 33.Ba2 Nd3 34.Bc4 
Nc5 35.Kf2 Kf7 36.Ke3 h5 37.Kd2 Kf6 38.Nd4 Ke5 39.Nc6+ Kf4 40.Bb5 Bxc3+ 
41.Kxc3 Nxe4+ 42.Kb4 Kg3 43.Bd3 Bf5 44.Ne7 Kxg2 45.Kxa4 Nc5+ 0-1

[Event "18th Asia-ch (w)"]
[Site "Sharjah UAE"]
[Date "2014.04.22"]
[Round "6.1"]
[White "Khademalsharieh, Sarasadat"]
[Black "Kharisma Sukandar, Irine"]
[Result "0-1"]
[WhiteElo "2292"]
[BlackElo "2319"]
[EventDate "2014.04.17"]
[PlyCount "120"]

1.d4 Nf6 2.c4 e6 3.g3 Bb4+ 4.Bd2 a5 5.Bg2 O-O 6.Nf3 b6 7.O-O Bb7 8.Bf4 Be7
9.Nc3 Na6 10.Rc1 Nh5 11.Be3 Nf6 12.d5 Bc5 13.Bxc5 Nxc5 14.Re1 d6 15.e4 Re8
16.b3 exd5 17.exd5 Rxe1+ 18.Nxe1 Qe7 19.Nc2 Re8 20.Nd4 Bc8 21.Nc6 Qd7 22.
Nb5 h5 23.h4 Ng4 24.Qd2 Ba6 25.Nbd4 Bb7 26.Qc2 Bxc6 27.Nxc6 Ne5 28.a3 Qg4 
29.b4 axb4 30.axb4 Nxc6 31.dxc6 Ne6 32.Re1 Ra8 33.Qd3 g6 34.Bf3 Qd4 35.
Qxd4 Nxd4 36.Bd5 Kf8 37.Re4 Ra1+ 38.Kg2 Nc2 39.Rf4 f5 40.b5 Ke7 41.Kh2 Ra3
42.Kg1 Kf6 43.Kf1 Ke5 44.Bf7 Kf6 45.Bd5 Nb4 46.Bg2 Ra1+ 47.Ke2 Ra2+ 48.Ke3
Ke5 49.Bh1 Ra1 50.Bg2 Rg1 51.Bf3 Ra1 52.Bg2 Ra3+ 53.Kd2 Nd3 54.Rf3 Kd4 55.
Bf1 Ra2+ 56.Kd1 Nxf2+ 57.Ke1 Ne4 58.Rd3+ Ke5 59.Be2 Ra1+ 60.Bd1 Rc1 0-1

[Event "18th Asia-ch (w)"]
[Site "Sharjah UAE"]
[Date "2014.04.22"]
[Round "6.2"]
[White "Gong Qianyun"]
[Black "Mongontuul, Batchujagijn"]
[Result "1-0"]
[WhiteElo "2327"]
[BlackElo "2432"]
[EventDate "2014.04.17"]
[PlyCount "101"]

1.b3 d5 2.Bb2 c5 3.e3 Nc6 4.f4 e6 5.Nf3 Nf6 6.Bb5 Bd7 7.O-O Be7 8.Be2 O-O 
9.Qe1 Be8 10.Ne5 Nxe5 11.fxe5 Nd7 12.c4 Nb6 13.d3 Bc6 14.Bf3 Rc8 15.Nd2 
Bg5 16.Rd1 Nd7 17.d4 Qa5 18.a3 cxd4 19.Bxd4 Qxa3 20.Ra1 Qb4 21.Rxa7 Nc5 
22.cxd5 exd5 23.Bg4 Ra8 24.Rxa8 Rxa8 25.Qf2 Be8 26.Nf3 Be7 27.e6 Nxe6 28.
Bxe6 fxe6 29.Qg3 Bf8 30.Ng5 Ra6 31.Qe5 Qd6 32.Nxe6 Bf7 33.Qxd6 Bxd6 34.
Nxg7 Ra3 35.Nf5 Bf8 36.b4 Bg6 37.b5 h5 38.Nh4 Bf7 39.Rc1 Rb3 40.b6 Be8 41.
Rc7 Bb5 42.Rxb7 Rb1+ 43.Kf2 Rf1+ 44.Kg3 Bc6 45.Rb8 Kf7 46.Be5 Ke6 47.Nf3 
h4+ 48.Kg4 h3 49.Kxh3 Bd7 50.Rxf8 Ke7+ 51.Kg3 1-0

[Event "18th Asia-ch (w)"]
[Site "Sharjah UAE"]
[Date "2014.04.22"]
[Round "6.3"]
[White "Tania, Sachdev"]
[Black "Pourkashiyan, Atousa"]
[Result "0-1"]
[WhiteElo "2427"]
[BlackElo "2335"]
[EventDate "2014.04.17"]
[PlyCount "45"]

1.d4 Nf6 2.c4 e6 3.Nf3 Bb4+ 4.Bd2 Bxd2+ 5.Qxd2 d5 6.Nc3 O-O 7.e3 Qe7 8.Qc2
Rd8 9.O-O-O b6 10.e4 dxe4 11.Nxe4 Bb7 12.Bd3 Nbd7 13.Rhe1 h6 14.Nc3 Qf8 
15.Kb1 Kh8 16.Qe2 c5 17.Bc2 a6 18.Rd2 cxd4 19.Nxd4 Bxg2 20.f3 Bh3 21.Red1 
Nc5 22.Qe1 Rac8 23.Qh4 0-1

[Event "18th Asia-ch (w)"]
[Site "Sharjah UAE"]
[Date "2014.04.22"]
[Round "6.4"]
[White "Hoang Thi Bao Tram"]
[Black "Ni Shiqun"]
[Result "1-0"]
[WhiteElo "2280"]
[BlackElo "2325"]
[EventDate "2014.04.17"]
[PlyCount "101"]

1.Nf3 Nf6 2.g3 g6 3.Bg2 Bg7 4.O-O d5 5.d4 O-O 6.c4 c6 7.b3 Bf5 8.Bb2 Nbd7 
9.Nbd2 Ne4 10.Nh4 Nxd2 11.Qxd2 Be6 12.cxd5 cxd5 13.Nf3 Nf6 14.Qb4 Rb8 15.
Rac1 Ne4 16.Ne5 Re8 17.e3 a5 18.Qb5 f6 19.Nd3 Bf7 20.Ba3 Rf8 21.Nc5 Nd6 
22.Qd7 Rc8 23.Bh3 f5 24.Qxd8 Rfxd8 25.Nd3 Be6 26.Bg2 Kf7 27.Rxc8 Nxc8 28.
Rc1 Nd6 29.Nf4 g5 30.Nxe6 Kxe6 31.Rc5 Ne4 32.Bxe4 dxe4 33.Rxa5 Bf6 34.Bc5 
Rc8 35.Rb5 Rc7 36.Kg2 g4 37.a4 h5 38.a5 h4 39.gxh4 Bxh4 40.Rb6+ Kf7 41.b4 
e6 42.d5 exd5 43.Rh6 Bd8 44.Bb6 Rd7 45.Rh7+ Ke6 46.Rxd7 Kxd7 47.Bxd8 Kxd8 
48.Kg3 Kd7 49.b5 Kd6 50.Kf4 Kc5 51.a6 1-0

[Event "18th Asia-ch (w)"]
[Site "Sharjah UAE"]
[Date "2014.04.22"]
[Round "6.5"]
[White "Nguyen Thi Thanh An"]
[Black "Karavade, Eesha"]
[Result "1/2-1/2"]
[WhiteElo "2237"]
[BlackElo "2414"]
[EventDate "2014.04.17"]
[PlyCount "63"]

1.Nf3 Nf6 2.c4 b6 3.g3 Bb7 4.Bg2 g6 5.O-O Bg7 6.d4 O-O 7.Nc3 Ne4 8.Qc2 
Nxc3 9.Qxc3 c5 10.Rd1 Nc6 11.Be3 Rc8 12.Rac1 Nxd4 13.Nxd4 Bxg2 14.Kxg2 Qc7
15.Qd3 cxd4 16.Bxd4 Qc6+ 17.Kg1 Bxd4 18.Qxd4 Rc7 19.Rd3 Rfc8 20.b3 d6 21.
Qh4 b5 22.g4 Qe4 23.Rh3 h6 24.Qxh6 Qxg4+ 25.Kf1 Qd4 26.Qh7+ Kf8 27.Rcc3 
bxc4 28.Rcf3 Qa1+ 29.Kg2 e6 30.Rxf7+ Rxf7 31.Qh8+ Qxh8 32.Rxh8+ 1/2-1/2

[Event "18th Asia-ch (w)"]
[Site "Sharjah UAE"]
[Date "2014.04.22"]
[Round "6.6"]
[White "Pham Le Thao Nguyen"]
[Black "Hoang Thi Nhu Y"]
[Result "1/2-1/2"]
[WhiteElo "2332"]
[BlackElo "2207"]
[EventDate "2014.04.17"]
[PlyCount "108"]

1.d4 d5 2.c4 c6 3.cxd5 cxd5 4.Nc3 Nf6 5.Bf4 Nc6 6.e3 a6 7.Bd3 Bg4 8.Nge2 
e6 9.O-O Be7 10.Rc1 O-O 11.a3 Rc8 12.Na4 Nd7 13.f3 Bh5 14.b4 b5 15.Nc5 
Nxc5 16.dxc5 Bg6 17.Nd4 Bf6 18.Nxc6 Rxc6 19.Bxg6 hxg6 20.Bd6 Be7 21.Bxe7 
Qxe7 22.Rc3 Qf6 23.Rd3 a5 24.Qe2 axb4 25.axb4 Ra6 26.Rd4 Rb8 27.Rfd1 Ra3 
28.h3 Qe5 29.e4 Ra1 30.Kf2 Rxd1 31.Rxd1 dxe4 32.Qxe4 Qc7 33.Rd6 Rd8 34.Qd4
Ra8 35.Kg3 Ra2 36.Qe5 Ra4 37.Qf4 Qe7 38.Rb6 e5 39.Qg4 e4 40.Qxe4 Qxe4 41.
fxe4 Rxb4 42.Kf4 f6 43.g4 Rb3 44.h4 b4 45.e5 Rc3 46.exf6 Rxc5 47.fxg7 Kxg7
48.g5 Rc4+ 49.Ke5 Kf7 50.Rb7+ Kg8 51.Kf6 Rc6+ 52.Ke7 Rc4 53.Ke6 Kf8 54.Ke5
Kg8 1/2-1/2

[Event "18th Asia-ch (w)"]
[Site "Sharjah UAE"]
[Date "2014.04.22"]
[Round "6.7"]
[White "Tan Zhongyi"]
[Black "Fuad Kamel Jamaliah, Natalie"]
[Result "1-0"]
[WhiteElo "2488"]
[BlackElo "2015"]
[EventDate "2014.04.17"]
[PlyCount "57"]

1.c4 c5 2.Nf3 Nf6 3.d4 cxd4 4.Nxd4 d6 5.g3 a6 6.Bg2 e6 7.O-O Be7 8.Nc3 O-O
9.b3 Qc7 10.e4 Nbd7 11.Be3 Rb8 12.f4 Rd8 13.Rc1 Nc5 14.Qe2 Bf8 15.Kh1 Bd7 
16.g4 b6 17.g5 Ne8 18.b4 Nb7 19.f5 Rbc8 20.fxe6 Bxe6 21.Nd5 Qb8 22.Nxe6 
fxe6 23.Rxf8+ Kxf8 24.Rf1+ Nf6 25.gxf6 exd5 26.fxg7+ Kg8 27.Qh5 Qc7 28.
Qxd5+ Kxg7 29.Qg5+ 1-0